Online
Catalog

Diario de navegación y otros escritos / (Record no. 15069)

MARC details
000 -CABECERA
campo de control de longitud fija 02366nam a2200469 i 4500
001 - NÚMERO DE CONTROL
campo de control 000015513
003 - IDENTIFICADOR DEL NÚMERO DE CONTROL
campo de control DO-SdBNP
005 - FECHA Y HORA DE LA ÚLTIMA TRANSACCIÓN
campo de control 20250411123559.0
007 - CAMPO FIJO DE DESCRIPCIÓN FÍSICA--INFORMACIÓN GENERAL
campo de control de longitud fija ta
008 - DATOS DE LONGITUD FIJA--INFORMACIÓN GENERAL
campo de control de longitud fija 100211t1988 dr ach 001 0bspa d
040 ## - FUENTE DE LA CATALOGACIÓN
Centro catalogador/agencia de origen DO-SdBNP
Lengua de catalogación spa
Centro/agencia transcriptor BNPHU
Normas de descripción rda
041 ## - CÓDIGO DE LENGUA
Código de lengua del texto/banda sonora o título independiente spa
049 ## - FONDOS LOCALES (OCLC)
Fondos de biblioteca
082 #4 - NÚMERO DE LA CLASIFICACIÓN DECIMAL DEWEY
Número de clasificación 970.015
Número de documento/Ítem C719d
Número de edición 22
100 ## - ENTRADA PRINCIPAL--NOMBRE DE PERSONA
Nombre de persona Colón, Cristóbal
Fechas asociadas al nombre 1436-1456
Término indicativo de función/relación autor
Código de función/relación aut.
9 (RLIN) 19795
245 10 - MENCIÓN DE TÍTULO
Título Diario de navegación y otros escritos /
Mención de responsabilidad, etc. Cristobal Colón ; estudio preliminar Joaquín Balaguer, Ramón Menéndez Pidal ; notas Carlos Esteban Deive ; edición al cuidado de Andrés Blanco Díaz.
264 #1 - PRODUCCIÓN, PUBLICACIÓN, DISTRIBUCIÓN, FABRICACIÓN Y COPYRIGHT
Producción, publicación, distribución, fabricación y copyright Santo Domingo :
Nombre del de productor, editor, distribuidor, fabricante Ediciones de la Fundación Corripio,
Fecha de producción, publicación, distribución, fabricación o copyright 1988.
300 ## - DESCRIPCIÓN FÍSICA
Extensión 370 páginas :
Otras características físicas ilustraciones, facsímil., retratos ;
Dimensiones 24 cm.
336 ## - TIPO DE CONTENIDO
Término de tipo de contenido texto
Código de tipo de contenido txt
Fuente rdacontent
337 ## - TIPO DE MEDIO
Nombre/término del tipo de medio sin mediación
Código del tipo de medio n
Fuente rdamedia
338 ## - TIPO DE SOPORTE
Nombre/término del tipo de soporte volumen
Código del tipo de soporte nc
Fuente rdacarrier
490 1# - MENCIÓN DE SERIE
Mención de serie Biblioteca de Clásicos Dominicanos ;
Designación de volumen o secuencia 1
490 1# - MENCIÓN DE SERIE
Mención de serie Los precursores ;
Designación de volumen o secuencia 1
500 ## - NOTA GENERAL
Nota general Incluye bibliografía y notas al pie de las páginas.
500 ## - NOTA GENERAL
Nota general Incluye cronología de los viajes.
500 ## - NOTA GENERAL
Nota general La biblioteca posee la reimpresión del 1994
504 ## - NOTA DE BIBLIOGRAFÍA, ETC.
Nota de bibliografía, etc. Bibliografía : p. 363-367.
505 0# - NOTA DE CONTENIDO CON FORMATO
Información miscelánea En los umbrales de una colección /
Mención de responsabilidad Manuel Rueda --
Información miscelánea Estudios preliminares :
Título Cristóbal Colón, precursor literario /
Mención de responsabilidad Joaquín Balaguer --
Título La lengua de Cristóbal Colón /
Mención de responsabilidad Ramón Menéndez Pidal --
Información miscelánea Textos colombinos :
Título Notas /
Mención de responsabilidad Carlos Esteban Deive --
Información miscelánea Cronología --
-- Nota bibliográfica.
590 ## - NOTA LOCAL (RLIN)
Nota local Inventariado,2020/VM
600 10 - PUNTO DE ACCESO ADICIONAL DE MATERIA--NOMBRE DE PERSONA
Nombre de persona Colón, Cristóbal
Fechas asociadas al nombre 1451-1506
Subdivisión general Diarios
9 (RLIN) 18589
600 10 - PUNTO DE ACCESO ADICIONAL DE MATERIA--NOMBRE DE PERSONA
Nombre de persona Colón, Cristobal
Fechas asociadas al nombre 1451-1506
Subdivisión general Viajes
9 (RLIN) 18590
650 14 - PUNTO DE ACCESO ADICIONAL DE MATERIA--TÉRMINO DE MATERIA
Término de materia o nombre geográfico como elemento de entrada Exploradores
Subdivisión geográfica América.
Subdivisión de forma Diarios.
9 (RLIN) 77557
650 14 - PUNTO DE ACCESO ADICIONAL DE MATERIA--TÉRMINO DE MATERIA
Término de materia o nombre geográfico como elemento de entrada Exploradores
Subdivisión geográfica España.
Subdivisión de forma Diarios.
9 (RLIN) 77558
651 #4 - PUNTO DE ACCESO ADICIONAL DE MATERIA--NOMBRE GEOGRÁFICO
Nombre geográfico América --
Subdivisión general Descubrimiento y exploración --
-- Españoles
9 (RLIN) 544
Subdivisión de forma Ensayo, conferencias, etc.
700 1# - PUNTO DE ACCESO ADICIONAL--NOMBRE DE PERSONA
Nombre de persona Balaguer, Joaquín,
Fechas asociadas al nombre 1906-2002
Término indicativo de función/relación estudio preliminar
Código de función/relación est. prelim.
9 (RLIN) 76556
700 1# - PUNTO DE ACCESO ADICIONAL--NOMBRE DE PERSONA
Nombre de persona Menéndez Pidal, Ramón,
Fechas asociadas al nombre 1869-1968
Término indicativo de función/relación estudio preliminar
Código de función/relación est. prelim.
9 (RLIN) 3902
700 1# - PUNTO DE ACCESO ADICIONAL--NOMBRE DE PERSONA
Nombre de persona Deive, Carlos Esteban,
Fechas asociadas al nombre 1935-2019
Término indicativo de función/relación notas
Código de función/relación not
9 (RLIN) 1916
700 1# - PUNTO DE ACCESO ADICIONAL--NOMBRE DE PERSONA
Nombre de persona Blanco Díaz, Andrés
Término indicativo de función/relación edición
Código de función/relación ed.
9 (RLIN) 172
830 #0 - PUNTO DE ACCESO ADICIONAL DE SERIE-TÍTULO UNIFORME
Título uniforme Biblioteca de Clásicos Dominicanos ;
Número de parte o sección de la obra 1
Nombre de parte o sección de la obra Los precursores ;
9 (RLIN) 86826
910 ## - DATOS DE OPCIÓN DEL USUARIO (OCLC)
Datos de opción del usuario VMateo / Validado. Control de calidad EMS.
942 ## - ELEMENTOS DE PUNTO DE ACCESO ADICIONAL (KOHA)
Fuente del sistema de clasificación o colocación Dewey Decimal Classification
Tipo de ítem Koha Libro
Holdings
Estado de retiro Estado de pérdida Fuente del sistema de clasificación o colocación Restricciones de uso No para préstamo Código de colección Localización permanente Ubicación/localización actual Ubicación en estantería Fecha de adquisición Número de inventario Total de préstamos Signatura topográfica completa Código de barras Fecha visto por última vez Precio válido a partir de Tipo de ítem Koha Número de copia Fuente de adquisición Nota pública
    Dewey Decimal Classification Excluido de préstamo   Patrimonio Dominicano Biblioteca Nacional Pedro Henríquez Ureña Biblioteca Nacional Pedro Henríquez Ureña Depósito 11.02.2010   BNPHU PD 970.015 C719d 15513-10 25.06.2020 25.06.2020 Libro      
    Dewey Decimal Classification Excluido de préstamo   Patrimonio Dominicano Biblioteca Nacional Pedro Henríquez Ureña Biblioteca Nacional Pedro Henríquez Ureña Depósito 11.02.2010   BNPHU PD 970.015 C719d 2020-0672 09.12.2020 25.06.2020 Libro e.2    
    Dewey Decimal Classification Préstamo en sala   Dominicana de Servicio Biblioteca Nacional Pedro Henríquez Ureña Biblioteca Nacional Pedro Henríquez Ureña Depósito 01.02.2013   BNPHU PD 970.015 C719d 2020-0673 09.12.2020 25.06.2020 Libro e.3 Reyes Duluc Perteneció a la biblioteca personal de la familia Reyes Duluc
    Dewey Decimal Classification Préstamo en sala   Dominicana de Servicio Biblioteca Nacional Pedro Henríquez Ureña Biblioteca Nacional Pedro Henríquez Ureña Depósito 31.10.2023     BNPHU DS 970.015 C719d 2023-7500 31.10.2023 31.10.2023 Libro e.4 Donado por Colegio Nuestra Señora de Lourdes  
    Dewey Decimal Classification Préstamo en sala   Dominicana de Servicio Biblioteca Nacional Pedro Henríquez Ureña Biblioteca Nacional Pedro Henríquez Ureña Depósito 01.12.2023     BNPHU DS 970.015 C719d 2024-6482 18.11.2024 18.11.2024 Libro e.5 Donado por la Presidencia de la República Dominicana 2023 Perteneció a la biblioteca personal de Emilio Cordero Michel

Powered by Koha